Sports Quiz

Random Sports or MLB Quiz

MLB - Hall of Famers debuting at 25 or older Quiz Stats

Quiz not verified by Sporcle

Challenge
Share
Tweet
Embed
Score 0/0 Timer 00:00
0 Plays Today
Age (on debut) Player % Correct
25Randy Johnson
90.9%
28Jackie Robinson
88%
42Satchel Paige
86.3%
25Phil Niekro
80.7%
26Roy Campanella
77.6%
29Hoyt Wilhelm
64.7%
25Lefty Grove
64.5%
25Carl Hubbell
54.5%
26Mordecai 'Three Finger' Brown
53%
32Willard Brown
52.8%
Age (on debut) Player % Correct
25Eddie Plank
46.6%
25Sam Rice
44.8%
30Monte Irvin
43.4%
25Jack Chesbro
41.5%
26Earl Averill
37%
25'Old Hoss' Charles Radbourn
35.9%
28Joe McGinnity
31.9%
25Red Faber
29.9%
25Jimmy Collins
26.6%
25Sam Thompson
20%

You're not logged in!

Compare scores with friends on all Sporcle quizzes.
Sign Up with Email
OR
Log In

You Might Also Like...

Show Comments

Extras

Top Quizzes Today


Score Distribution

Your Account Isn't Verified!

In order to create a playlist on Sporcle, you need to verify the email address you used during registration. Go to your Sporcle Settings to finish the process.

Report this User

Report this user for behavior that violates our Community Guidelines.

Details: